000 00536nam a2200217 a 4500
001 0001-2016
003 ELIB.Books
008 190612 2010 eng
020 _aKBTS
092 _a248.2
_bHor
100 _aHorner, Bob.
245 _aApplying the Seven Promises
260 _aDallas
_bWord Books
_c1984
300 _a111
_c21.5 Cm
650 _aChristian Life
856 _nKBTS Library
_uKBTS Elib
942 _2ddc
_cBK
990 _a1
998 _aEnglishbooks.elf
_ccat
_e2019-06-12
999 _c12016
_d12016